| 000 | 01040nam a2200289 i 4500 | ||
|---|---|---|---|
| 003 | EG-GICUC | ||
| 005 | 20260208205608.0 | ||
| 008 | 260208s1970 ua ||||fr|||| 00| 0 ara d | ||
| 040 |
_a EG-GICUC _bara _c EG-GICUC _d EG-GICUC _erda |
||
| 041 | _aara | ||
| 082 | 0 | 4 |
_221 _a343.37224 _bم ح . ط |
| 092 | 0 | 4 | _221 |
| 099 | _aLaw1 10 343.37224 م ح . ط1970 | ||
| 100 | 0 |
_aمحمد عوض الاحول _eمؤلف. |
|
| 245 | 1 | 2 |
_aالطعن فى قرارات واحكام : _bالمجالس العسكرية / _cللعميد محمد عوض الاحول. |
| 264 | 1 |
_aالقاهرة : _bدار القاهرة للطباعة، _c{1970}. |
|
| 300 |
_a60 صفحة ; _c24 سم. |
||
| 336 |
_2rda content _atext |
||
| 337 |
_2rda media _aComputer |
||
| 338 |
_2rda carrier _aOnline Resource |
||
| 546 | _aالنص باللغة العربية | ||
| 650 | 1 | _aالقانون الجنائي | |
| 650 | 1 | _aالقضاء العسكرى | |
| 856 | 4 | 0 | _uhttps://fll.law.cu.edu.eg/fulltext/bks/B10-04620.pdf |
| 905 | _a43 | ||
| 942 |
_2ddc _n0 _cBK _e21 |
||
| 999 |
_c61709 _d61709 |
||